Größte Städte Japans - Statistiken

Allgemein
  • Dieses Quiz wurde 892 mal gespielt
  • Das Durchschnittsergebnis liegt bei 7 aus 15
Antwortstatistiken
Bevölkerung Stadt % Korrekt
9.733.276 Tokio
100%
2.752.412 Osaka
90%
1.200.754 Hiroschima
79%
1.463.723 Kyoto
73%
3.777.491 Yokohama
69%
1.973.395 Sapporo
64%
1.525.152 Kobe
56%
2.332.176 Nagoya
55%
1.612.392 Fukuoka
43%
1.096.704 Sendai
32%
1.538.262 Kawasaki
29%
1.324.025 Saitama
21%
974.951 Chiba
20%
939.029 Kitakyushu
13%
826.161 Sakai
6%
Keine übereinstimmenden Quizze gefunden
Verteilung der Resultate
Anzahl Personen mit jedem Resultat
Perzentil nach korrekt beantworteten Fragen
Ihre Resultats-Entwicklung
Sie haben dieses Quiz noch nicht gespielt